[Event "4NCL 2012-13"]
[Site "Hinckley ENG"]
[Date "2013.03.24"]
[Round "8.131"]
[White "Collins, Sam E."]
[Black "Morrison, Graham SCO"]
[Result "1-0"]
[WhiteTitle "IM"]
[BlackTitle "FM"]
[WhiteElo "2471"]
[BlackElo "2352"]
[WhiteTeam "Barbican 4NCL"]
[BlackTeam "Barbican 4NCL"]
[WhiteFideId "2501198"]
[BlackFideId "2400090"]
[EventDate "2012.11.03"]

1. e4 c5 2. Nf3 e6 3. c3 d5 4. exd5 Qxd5 5. d4 Nf6 6. Bd3 Be7 7. O-O O-O 8. Qe2
Nc6 9. Rd1 Qh5 10. Nbd2 cxd4 11. cxd4 Nb4 12. Bc4 b6 13. a3 Nbd5 14. Nf1 Bd6 15.
Ng3 Bxg3 16. fxg3 Bb7 17. h3 Rac8 18. g4 Nxg4 19. hxg4 Qxg4 20. Ne5 Qh4 21. Bb3
Rc7 22. Qf2 Qxf2+ 23. Kxf2 Rfc8 24. Bd2 Nf6 25. Rac1 Ne4+ 26. Ke1 Nxd2 27. Rxc7
Rxc7 28. Rxd2 h5 29. Kf2 Kf8 30. Rc2 Rxc2+ 31. Bxc2 g5 32. Bd1 h4 33. Bf3 Bxf3
34. Kxf3 f6 35. Nc6 a5 36. Na7 Ke8 37. Nc8 Kd7 38. Nxb6+ Kc6 39. Nc4 Kd5 40.
Nxa5 Kxd4 41. b4 e5 42. b5 e4+ 43. Ke2 Kc5 44. a4 f5 45. Nb3+ Kb6 46. a5+ Kxb5
47. Nd4+ Kxa5 48. Nxf5 Kb4 49. Nd6 g4 50. Nxe4 h3 51. g3 h2 52. Nf2 Kc3 53. Ke3
Kc2 54. Kf4 Kd2 55. Kxg4 Ke2 56. Kh3 Kxf2 57. Kxh2 Kf3 58. Kh3 Ke4 59. Kg4 Ke5
60. Kg5 Ke6 61. Kg6 1-0

[Event "4NCL 2012-13"]
[Site "Hinckley ENG"]
[Date "2013.03.24"]
[Round "8.132"]
[White "Chapman, Terry P D"]
[Black "Turner, Matthew J"]
[Result "0-1"]
[BlackTitle "GM"]
[WhiteElo "2279"]
[BlackElo "2504"]
[WhiteTeam "Barbican 4NCL"]
[BlackTeam "Barbican 4NCL"]
[WhiteFideId "413399"]
[BlackFideId "402893"]
[EventDate "2012.11.03"]

1. Nf3 Nf6 2. c4 g6 3. d4 Bg7 4. g3 O-O 5. Bg2 d5 6. cxd5 Nxd5 7. O-O Nb6 8. Nc3
Nc6 9. e3 Re8 10. Re1 a5 11. Qe2 Be6 12. Nd2 a4 13. Rd1 Qd7 14. Nce4 Bg4 15. Bf3
Bxf3 16. Nxf3 Qg4 17. Nc3 e5 18. dxe5 Nxe5 19. Nxe5 Qxe2 20. Nxe2 Bxe5 21. Rb1
Red8 22. Bd2 Nc4 23. Bc3 Bxc3 24. bxc3 c5 25. Kg2 g5 26. h4 h6 27. hxg5 hxg5 28.
e4 b6 29. Kh3 Kg7 30. g4 Kf6 31. f3 Ke5 32. Kg3 a3 33. Kf2 Rac8 34. Ng3 Nb2 35.
Rxd8 Rxd8 36. Ke2 Rd3 37. Rc1 c4 38. Nf5 Na4 39. Ne3 Nxc3+ 40. Kf2 b5 41. Rc2
Nd1+ 42. Nxd1 Rxd1 43. Ke3 Rd3+ 0-1

[Event "4NCL 2012-13"]
[Site "Hinckley ENG"]
[Date "2013.03.24"]
[Round "8.133"]
[White "Ferguson, Mark"]
[Black "Knott, Simon J B"]
[Result "1-0"]
[WhiteTitle "IM"]
[BlackTitle "IM"]
[WhiteElo "2402"]
[BlackElo "2325"]
[WhiteTeam "Barbican 4NCL"]
[BlackTeam "Barbican 4NCL"]
[WhiteFideId "403547"]
[BlackFideId "400645"]
[EventDate "2012.11.03"]

1. e4 e6 2. d4 d5 3. Nd2 c5 4. exd5 Qxd5 5. Ngf3 cxd4 6. Bc4 Qd6 7. O-O Nf6 8.
Nb3 Nc6 9. Nbxd4 Nxd4 10. Nxd4 a6 11. Re1 Qc7 12. Bb3 Bd6 13. h3 O-O 14. Bg5 b5
15. a4 b4 16. c3 Rd8 17. Bxf6 gxf6 18. Qf3 f5 19. Nxf5 exf5 20. Qxa8 Be6 21. Qf3
Bxb3 22. Qxf5 bxc3 23. Qg5+ Kf8 24. Qh6+ Kg8 25. Qg5+ Kf8 26. Qf6 Kg8 27. bxc3
Bf8 28. Re3 Bc2 29. Qxa6 Bg7 30. Qe2 Bg6 31. a5 h5 32. a6 Kh7 33. Qf3 Qa7 34.
Qb7 Rd7 35. Qxd7 Qxd7 36. a7 Bxc3 37. a8=Q Bxa1 38. Qxa1 Qd8 39. Qe5 Qh8 40.
Qxh8+ Kxh8 41. Kh2 Kg7 42. Kg3 f6 43. Kh4 1-0

[Event "4NCL 2012-13"]
[Site "Hinckley ENG"]
[Date "2013.03.24"]
[Round "8.134"]
[White "Buchicchio, Giampaolo"]
[Black "Cox, John J"]
[Result "1/2-1/2"]
[WhiteTitle "FM"]
[BlackTitle "IM"]
[WhiteElo "2306"]
[BlackElo "2396"]
[WhiteTeam "Barbican 4NCL"]
[BlackTeam "Barbican 4NCL"]
[WhiteFideId "811491"]
[BlackFideId "401064"]
[EventDate "2012.11.03"]

1. e4 e5 2. Nf3 Nc6 3. d4 exd4 4. Nxd4 Nf6 5. Nxc6 bxc6 6. e5 Qe7 7. Qe2 Nd5 8.
c4 Ba6 9. b3 g6 10. f4 d6 11. Qf2 Nf6 12. Bb2 Nd7 13. Nd2 Bg7 14. O-O-O O-O 15.
h4 dxe5 16. f5 c5 17. Bd3 Bb7 18. Rde1 Rad8 19. Be4 Bxe4 20. Nxe4 Rfe8 21. g4
Nf6 22. Qf3 Nxe4 23. Qxe4 gxf5 24. gxf5 f6 25. Rd1 Rd6 26. Rdg1 Kh8 27. Bc3 Rg8
28. Kc2 Qd8 29. Rg4 Bh6 30. Rhg1 Rxg4 31. Qxg4 Rd7 32. Qe4 Qe7 33. a4 Rd8 34.
Rd1 Rxd1 35. Kxd1 Bf8 36. Bd2 a6 37. Kc2 Qd6 38. Be3 c6 39. h5 Kg8 40. Qg4+ Kf7
41. Qe4 Ke8 42. Qg4 Kd7 43. Qe4 Qe7 44. Kd3 Qg7 45. Qf3 Kc7 46. Ke4 Be7 47. Kd3
Qg8 48. Kc2 Bd6 49. h6 1/2-1/2

[Event "4NCL 2012-13"]
[Site "Hinckley ENG"]
[Date "2013.03.24"]
[Round "8.135"]
[White "D'Costa, Lorin A R"]
[Black "Rogers, Jonathan W"]
[Result "1-0"]
[WhiteTitle "IM"]
[BlackTitle "FM"]
[WhiteElo "2426"]
[BlackElo "2328"]
[WhiteTeam "Barbican 4NCL"]
[BlackTeam "Barbican 4NCL"]
[WhiteFideId "409219"]
[BlackFideId "402052"]
[EventDate "2012.11.03"]

1. Nf3 d5 2. c4 e6 3. g3 Nf6 4. Bg2 c6 5. b3 Bd6 6. Bb2 O-O 7. O-O Nbd7 8. d4
Ne4 9. Nbd2 f5 10. e3 a5 11. a4 Qe7 12. Ne1 b6 13. Nd3 Ba6 14. Rc1 Rac8 15. Re1
Rfd8 16. Nb1 dxc4 17. bxc4 c5 18. Qb3 Rc7 19. Rc2 Nb8 20. f3 Ng5 21. Nd2 Nd7 22.
f4 Nf7 23. Ba1 Bb7 24. d5 Nf6 25. e4 fxe4 26. Nxe4 1-0

[Event "4NCL 2012-13"]
[Site "Hinckley ENG"]
[Date "2013.03.24"]
[Round "8.136"]
[White "Berry, Neil"]
[Black "Franklin, Samuel G A"]
[Result "1/2-1/2"]
[WhiteTitle "FM"]
[BlackTitle "FM"]
[WhiteElo "2247"]
[BlackElo "2322"]
[WhiteTeam "Barbican 4NCL"]
[BlackTeam "Barbican 4NCL"]
[WhiteFideId "2400650"]
[BlackFideId "468576"]
[EventDate "2012.11.03"]

1. d4 Nf6 2. c4 g6 3. Nc3 Bg7 4. e4 d6 5. f3 O-O 6. Be3 c5 7. Nge2 Nc6 8. d5 Ne5
9. Ng3 e6 10. Be2 exd5 11. cxd5 a6 12. a4 Re8 13. O-O Bd7 14. Qd2 Qa5 15. Bh6
Bh8 16. h3 Qb4 17. a5 Rab8 18. f4 Nc4 19. Bxc4 Qxc4 20. e5 Qd4+ 21. Qf2 dxe5 22.
fxe5 Rxe5 23. Bf4 Ne8 24. Kh1 Nd6 25. Bxe5 Bxe5 26. Nge4 Qxf2 27. Rxf2 Nxe4 28.
Nxe4 Bd4 29. Nf6+ Kg7 30. Nxd7 Rd8 31. Rc2 Rxd7 32. Rd1 Rxd5 33. b4 Rf5 34. bxc5
Bxc5 35. Rb2 Be3 36. Rxb7 Rxa5 37. Rf1 Rf5 38. Rxf5 gxf5 39. Rb3 Bd2 40. Kg1 a5
41. Kf2 Bb4 42. Ke3 Kg6 43. Kd4 Kf6 44. Rf3 Ke6 45. Kc4 Ke5 46. Rg3 Kf4 47. Rg7
Bd2 48. Rxf7 Kg3 49. Rxf5 Kxg2 50. Rd5 Bg5 51. Rd3 Bh4 52. Rd6 Kxh3 53. Rh6 Kg4 1/2-1/2

[Event "4NCL 2012-13"]
[Site "Hinckley ENG"]
[Date "2013.03.24"]
[Round "8.137"]
[White "Griffiths, Ryan Rhys"]
[Black "Coleman, David J"]
[Result "1/2-1/2"]
[WhiteTitle "FM"]
[BlackTitle "CM"]
[WhiteElo "2353"]
[BlackElo "2268"]
[WhiteTeam "Barbican 4NCL"]
[BlackTeam "Barbican 4NCL"]
[WhiteFideId "2502054"]
[BlackFideId "402087"]
[EventDate "2012.11.03"]

1. d4 Nf6 2. c4 Nc6 3. Nc3 e5 4. d5 Ne7 5. Nf3 Ng6 6. h4 h5 7. Bg5 d6 8. Qc2 Be7
9. e3 Nf8 10. c5 a6 11. Qa4+ N6d7 12. cxd6 cxd6 13. Bxe7 Qxe7 14. Rc1 Nh7 15.
Bd3 Nf6 16. Ng5 O-O 17. b4 Rb8 18. O-O b5 19. Qb3 Nb6 20. Rc2 Bd7 21. Rfc1 Rfc8
22. e4 Nh7 23. Nxh7 Kxh7 24. g3 g6 25. Nd1 Rxc2 26. Qxc2 Rc8 27. Qd2 Qd8 28. Rc2
Rxc2 29. Qxc2 Kg7 30. Ne3 Qc8 31. Qxc8 Bxc8 1/2-1/2

[Event "4NCL 2012-13"]
[Site "Hinckley ENG"]
[Date "2013.03.24"]
[Round "8.141"]
[White "Mah, Karl C C"]
[Black "Short, Nigel D"]
[Result "1/2-1/2"]
[WhiteTitle "IM"]
[BlackTitle "GM"]
[WhiteElo "2415"]
[BlackElo "2692"]
[WhiteTeam "Cambridge University"]
[BlackTeam "Guildford"]
[WhiteFideId "404381"]
[BlackFideId "400025"]
[EventDate "2012.11.03"]

1. c4 c5 2. g3 g6 3. Bg2 Bg7 4. Nc3 Nc6 5. e3 Bxc3 6. dxc3 d6 7. e4 f5 8. exf5
Bxf5 9. Nf3 Qd7 10. O-O Nf6 11. Re1 Bg4 12. Bh6 O-O-O 13. Qd3 Qf5 14. Qxf5+ Bxf5
15. Nh4 Bd7 16. f4 Rde8 17. Bg7 Rhg8 18. Bxf6 exf6 19. Bd5 Rgf8 20. Ng2 Ne7 21.
Be6 Ng8 22. Bxd7+ Kxd7 23. Rxe8 Rxe8 24. Re1 Rxe1+ 25. Nxe1 Kc6 26. Kf2 d5 27.
cxd5+ Kxd5 28. Kf3 f5 29. Ng2 Nf6 30. Ne3+ Ke6 31. c4 b6 32. b3 Kd6 33. Ke2 Ne4
34. Nd5 b5 35. Ke3 b4 36. g4 h6 37. h4 h5 38. g5 Kd7 39. Ke2 Kd8 40. Ke1 Nd6 41.
Ke2 Nb7 42. Ne3 Kd7 43. Nd1 Nd8 1/2-1/2

[Event "4NCL 2012-13"]
[Site "Hinckley ENG"]
[Date "2013.03.24"]
[Round "8.142"]
[White "Edouard, Romain"]
[Black "Dearing, Eddie"]
[Result "1-0"]
[WhiteTitle "GM"]
[BlackTitle "IM"]
[WhiteElo "2688"]
[BlackElo "2418"]
[WhiteTeam "Guildford"]
[BlackTeam "Cambridge University"]
[WhiteFideId "633429"]
[BlackFideId "2400731"]
[EventDate "2012.11.03"]

1. e4 c5 2. Nf3 e6 3. Nc3 a6 4. d4 cxd4 5. Nxd4 b5 6. Bd3 Bb7 7. O-O Nc6 8. Nxc6
Bxc6 9. Re1 Qb8 10. Qe2 Bd6 11. e5 Bc7 12. f4 f5 13. Be3 Ne7 14. a3 O-O 15. Qf2
g5 16. Qg3 Rf7 17. h4 g4 18. Bf1 Rg7 19. Ne2 Bd8 20. Bf2 Bc7 21. Be3 Bd8 22. Bf2
h5 23. Qd3 g3 24. Nxg3 Nd5 25. Qd2 Bxh4 26. Nxh5 Rg4 27. Rad1 Qe8 28. Bxh4 Qxh5
29. Bg5 Kf7 30. Re2 Rh8 31. Kf2 Qh1 32. Ke1 Rh2 33. Rf2 Nb6 34. Qb4 Rgxg2 35.
Qe7+ Kg6 36. Qe8+ Kg7 37. Bf6+ Kh7 38. Qh8+ Kg6 39. Qg7+ Kh5 40. Qh7+ Kg4 41.
Qg6+ 1-0

[Event "4NCL 2012-13"]
[Site "Hinckley ENG"]
[Date "2013.03.24"]
[Round "8.143"]
[White "Bisby, Daniel L"]
[Black "Jones, Gawain C B"]
[Result "0-1"]
[WhiteTitle "FM"]
[BlackTitle "GM"]
[WhiteElo "2288"]
[BlackElo "2644"]
[WhiteTeam "Cambridge University"]
[BlackTeam "Guildford"]
[WhiteFideId "404586"]
[BlackFideId "409561"]
[EventDate "2012.11.03"]

1. e4 e5 2. Nf3 Nc6 3. Bc4 Nf6 4. d3 Bc5 5. c3 d6 6. Bb3 a6 7. O-O h6 8. d4 Ba7
9. dxe5 Nxe5 10. Nxe5 dxe5 11. Qxd8+ Kxd8 12. Nd2 Ke7 13. h3 Be6 14. Re1 Rhd8
15. Nc4 Nd7 16. Be3 Nc5 17. Nxe5 Nxb3 18. axb3 Bxe3 19. Rxe3 Rd2 20. b4 Rad8 21.
f4 Kf6 22. Nf3 Rxb2 23. Nd4 g6 24. Kh2 Ba2 25. Rd1 a5 26. Red3 Ra8 27. e5+ Kg7
28. f5 axb4 29. f6+ Kg8 30. cxb4 Bd5 31. Ne2 Bxg2 32. Rd8+ Rxd8 33. Rxd8+ Kh7
34. Nf4 Bc6+ 35. Kg1 Rb1+ 36. Kh2 g5 37. Nd3 Rf1 38. Rc8 h5 39. e6 h4 0-1

[Event "4NCL 2012-13"]
[Site "Hinckley ENG"]
[Date "2013.03.24"]
[Round "8.144"]
[White "Van Kampen, Robin"]
[Black "Spencer, Carl J"]
[Result "1-0"]
[WhiteTitle "GM"]
[WhiteElo "2574"]
[BlackElo "2205"]
[WhiteTeam "Guildford"]
[BlackTeam "Cambridge University"]
[WhiteFideId "1020854"]
[BlackFideId "412171"]
[EventDate "2012.11.03"]

1. e4 e6 2. d4 d5 3. Nc3 Nf6 4. Bg5 Bb4 5. e5 h6 6. Be3 Ne4 7. Qg4 Kf8 8. a3
Bxc3+ 9. bxc3 c5 10. Bd3 Nxc3 11. dxc5 Nc6 12. Nf3 f5 13. Qh5 Kg8 14. g4 f4 15.
Bxf4 Qf8 16. Bd2 Ne4 17. Qh3 Qxc5 18. O-O Nxd2 19. Nxd2 Nxe5 20. Qg3 Nf7 21. Bg6
Bd7 22. Nf3 Nd6 23. Rfe1 Be8 24. Bd3 Bf7 25. Ne5 Re8 26. h4 Re7 27. Re2 Qc7 28.
Rae1 Nc4 29. Bxc4 dxc4 30. Rd1 Be8 31. Rd4 b5 32. Qf3 Rh7 33. Rf4 Rh8 34. h5 Qb7
35. Ng6 Bxg6 36. Rf8+ Kh7 37. hxg6+ Kxg6 38. Rxe6+ 1-0

[Event "4NCL 2012-13"]
[Site "Hinckley ENG"]
[Date "2013.03.24"]
[Round "8.146"]
[White "Smerdon, David"]
[Black "McClement, Andrew"]
[Result "1-0"]
[WhiteTitle "GM"]
[WhiteElo "2498"]
[BlackElo "2128"]
[WhiteTeam "Guildford"]
[BlackTeam "Cambridge University"]
[WhiteFideId "3202305"]
[BlackFideId "2400480"]
[EventDate "2012.11.03"]

1. e4 c5 2. c3 Nf6 3. e5 Nd5 4. Nf3 d6 5. d4 cxd4 6. cxd4 e6 7. Bc4 Nc6 8. Qe2
Be7 9. O-O O-O 10. Nc3 Nxc3 11. bxc3 dxe5 12. dxe5 Qa5 13. Rb1 Rd8 14. Qe4 Qxc3
15. Be3 Na5 16. Rfc1 Qa3 17. Ng5 Bxg5 18. Bxg5 Nxc4 19. Qxc4 Re8 20. Rb3 Qa5 21.
Bf6 gxf6 22. Qg4+ Kf8 23. exf6 Rd8 24. Qg7+ Ke8 25. Qg8+ Kd7 26. Rd3+ Qd5 27.
Qxf7+ Kd6 28. Qc7# 1-0

[Event "4NCL 2012-13"]
[Site "Hinckley ENG"]
[Date "2013.03.24"]
[Round "8.148"]
[White "Ciuksyte, Dagne"]
[Black "Pickard, Charles"]
[Result "1-0"]
[WhiteTitle "IM"]
[WhiteElo "2354"]
[BlackElo "2126"]
[WhiteTeam "Guildford 2"]
[BlackTeam "Cambridge University"]
[WhiteFideId "12800619"]
[BlackFideId "470880"]
[EventDate "2012.11.03"]

1. e4 c5 2. Nf3 e6 3. d4 cxd4 4. Nxd4 a6 5. Bd3 Qc7 6. O-O Nf6 7. Qe2 d6 8. c4
Be7 9. Nc3 O-O 10. f4 Nbd7 11. Kh1 Re8 12. Bd2 b6 13. Rae1 Nf8 14. e5 N6d7 15.
Be4 Bb7 16. exd6 Bxd6 17. Ndb5 axb5 18. Nxb5 Qb8 19. Bxb7 Rxa2 20. Nxd6 Qxd6 21.
Bc3 Ra7 22. Be4 Ng6 23. Rd1 Qc7 24. Bb1 Rc8 25. f5 Ngf8 26. fxe6 fxe6 27. Bxh7+
Nxh7 28. Qxe6+ Kh8 29. Bxg7+ Kxg7 30. Rf7+ 1-0

[Event "4NCL 2012-13"]
[Site "Hinckley ENG"]
[Date "2013.03.24"]
[Round "8.152"]
[White "Zhou, Yang-Fan"]
[Black "Mason, Donald J"]
[Result "1-0"]
[WhiteTitle "IM"]
[WhiteElo "2418"]
[BlackElo "2222"]
[WhiteTeam "Guildford"]
[BlackTeam "Warwickshire Select"]
[WhiteFideId "468584"]
[BlackFideId "405116"]
[EventDate "2012.11.03"]

1. e4 e6 2. d4 d5 3. Nd2 Nf6 4. e5 Nfd7 5. Ngf3 c5 6. c3 Nc6 7. Bd3 Be7 8. O-O
a5 9. Re1 a4 10. Nf1 cxd4 11. cxd4 a3 12. bxa3 Bxa3 13. Ng3 Bxc1 14. Qxc1 h5 15.
h4 Nb6 16. a4 Bd7 17. Ng5 Rxa4 18. Rxa4 Nxa4 19. Qf4 Qe7 20. Rb1 Nd8 21. Qc1 Bc6
22. Rb3 Kd7 23. Bb5 Ke8 24. Qa1 1-0

[Event "4NCL 2012-13"]
[Site "Hinckley ENG"]
[Date "2013.03.24"]
[Round "8.153"]
[White "Pitcher, John"]
[Black "Sarakauskas, Gediminas"]
[Result "1-0"]
[BlackTitle "IM"]
[WhiteElo "2226"]
[BlackElo "2408"]
[WhiteTeam "Warwickshire Select"]
[BlackTeam "Guildford"]
[WhiteFideId "411485"]
[BlackFideId "12800724"]
[EventDate "2012.11.03"]

1. e4 c5 2. Nc3 Nc6 3. Bb5 g6 4. Nf3 Bg7 5. O-O d6 6. Bxc6+ bxc6 7. h3 e5 8. d3
Ne7 9. Nh2 O-O 10. Kh1 Rb8 11. Rb1 Be6 12. f4 c4 13. fxe5 dxe5 14. Be3 Qa5 15.
Qd2 Rfd8 16. b4 Qa6 17. Bc5 Rb7 18. Qg5 h6 19. Qg3 cxd3 20. Rbd1 d2 21. Rf2 Rbd7
22. Nf3 Qb7 23. Rfxd2 Rxd2 24. Rxd2 Rxd2 25. Nxd2 Nc8 26. Nf3 Nb6 27. Qf2 Nd7
28. Bd6 Qa6 29. a4 f5 30. Qg3 Kh7 31. Qh4 Qf1+ 32. Kh2 Bf6 33. Qe1 Qxe1 34. Nxe1
a6 35. Nd3 f4 36. a5 Bc4 37. Na4 Bxd3 38. cxd3 g5 39. Nb6 Nb8 40. Bxb8 Be7 41.
Bxe5 Bxb4 42. Nc4 1-0

[Event "4NCL 2012-13"]
[Site "Hinckley ENG"]
[Date "2013.03.24"]
[Round "8.156"]
[White "Wall, Gavin"]
[Black "Lam, Paul G M"]
[Result "1/2-1/2"]
[WhiteTitle "IM"]
[WhiteElo "2340"]
[BlackElo "2123"]
[WhiteTeam "Guildford"]
[BlackTeam "Warwickshire Select"]
[WhiteFideId "2501244"]
[BlackFideId "411566"]
[EventDate "2012.11.03"]

1. e4 Nc6 2. Nc3 e6 3. d4 Bb4 4. Nf3 Nf6 5. e5 Ne4 6. Qd3 d5 7. exd6 Nxc3 8.
bxc3 Bxd6 9. c4 O-O 10. Bb2 e5 11. d5 Qe7 12. Qe4 Bb4+ 13. c3 f5 14. Qe2 Bc5 15.
O-O-O f4 16. Re1 Bg4 17. h3 Bh5 18. Rg1 1/2-1/2

[Event "4NCL 2012-13"]
[Site "Hinckley ENG"]
[Date "2013.03.24"]
[Round "8.157"]
[White "Stepanyan, Henrik"]
[Black "Osborne, Marcus E"]
[Result "0-1"]
[WhiteElo "2016"]
[BlackElo "2280"]
[WhiteTeam "Warwickshire Select"]
[BlackTeam "Guildford"]
[WhiteFideId "401030"]
[BlackFideId "404608"]
[EventDate "2012.11.03"]

1. c4 Nf6 2. Nc3 e5 3. Nf3 Nc6 4. e3 Bb4 5. Nd5 e4 6. Nxb4 exf3 7. Nxc6 fxg2 8.
Bxg2 dxc6 9. Qc2 h5 10. b3 Rh6 11. Bb2 Rg6 12. O-O-O Rxg2 13. Bxf6 Qxf6 14. Qe4+
Be6 15. Qxg2 Qa1+ 16. Kc2 Qxa2+ 17. Kc3 O-O-O 18. d4 b5 19. Ra1 b4+ 20. Kxb4
Qd2+ 21. Ka3 Qa5+ 22. Kb2 Qd2+ 23. Ka3 Bxc4 24. Qxc6 Bd5 25. Qc1 Qxf2 26. Ra2
Qf6 27. Re1 Rd6 28. Rc2 Ra6+ 29. Kb2 Qd6 30. Rc5 Rb6 31. Rc3 Qxh2+ 32. Qc2 Qxc2+
33. Kxc2 Be4+ 34. Kb2 Rh6 35. Rg1 g6 36. Ra1 Kb7 37. Rc4 h4 38. Rb4+ Kc8 39.
Rxa7 h3 40. Rc4 c6 41. Rxf7 h2 42. Ra4 c5 43. Ra1 cxd4 44. exd4 h1=Q 45. Rxh1
Rxh1 46. Kc3 Rh3+ 0-1

[Event "4NCL 2012-13"]
[Site "Hinckley ENG"]
[Date "2013.03.24"]
[Round "8.158"]
[White "Sarakauskiene, Zivile"]
[Black "James, Ann-Marie"]
[Result "1/2-1/2"]
[WhiteTitle "WIM"]
[BlackTitle "WFM"]
[WhiteElo "2189"]
[BlackElo "2051"]
[WhiteTeam "Guildford"]
[BlackTeam "Warwickshire Select"]
[WhiteFideId "12800864"]
[BlackFideId "403644"]
[EventDate "2012.11.03"]

1. e4 e5 2. Nf3 Nc6 3. d4 exd4 4. Bc4 Nf6 5. e5 Ne4 6. Bd5 Nc5 7. Bxc6 dxc6 8.
Nxd4 Be7 9. O-O O-O 10. Be3 f6 11. exf6 Bxf6 12. Nc3 Qe8 13. Qe2 Ne4 14. Qc4+
Kh8 15. Nxe4 Qxe4 16. Rfe1 Bd7 17. c3 Rae8 18. Rad1 Be6 19. Qe2 Bd5 20. f3 Qg6
21. c4 Bxd4 22. Rxd4 Bxf3 23. Qf2 c5 24. Rd2 Bc6 25. Qg3 Qe4 26. b3 b6 27. Bf2
Qf5 28. Rxe8 Rxe8 29. h3 h6 30. Qxc7 Qe4 1/2-1/2

[Event "4NCL 2012-13"]
[Site "Hinckley ENG"]
[Date "2013.03.24"]
[Round "8.163"]
[White "Bates, Richard A"]
[Black "Fernandez, Daniel Howard"]
[Result "1/2-1/2"]
[WhiteTitle "IM"]
[BlackTitle "IM"]
[WhiteElo "2370"]
[BlackElo "2352"]
[WhiteTeam "Blackthorne Russia"]
[BlackTeam "e2e4.org.uk"]
[WhiteFideId "403555"]
[BlackFideId "5801605"]
[EventDate "2012.11.03"]

1. d4 Nf6 2. Nf3 g6 3. g3 Bg7 4. Bg2 O-O 5. O-O c6 6. c4 d5 7. b3 dxc4 8. bxc4
Ne4 9. Bb2 Qb6 10. Qb3 c5 11. e3 cxd4 12. Bxd4 Qxb3 13. axb3 Nc6 14. Bxg7 Kxg7
15. Nd4 Nxd4 16. exd4 Nd6 17. Nc3 Nf5 18. Rfd1 Rd8 19. d5 Bd7 20. c5 Rdc8 21. d6
Rxc5 22. dxe7 Rxc3 23. Rxd7 Re8 24. Re1 Kf6 25. g4 Rxe7 26. g5+ Kxg5 27. Rdxe7
Nxe7 28. Rxe7 Rxb3 29. Rxb7 Rxb7 30. Bxb7 a5 31. Bd5 f5 32. Bc6 Kf4 33. Kg2 g5
34. Be8 g4 35. Kf1 Kg5 36. Kg2 1/2-1/2

[Event "4NCL 2012-13"]
[Site "Hinckley ENG"]
[Date "2013.03.24"]
[Round "8.164"]
[White "Jackson, James P"]
[Black "Ansell, Simon T"]
[Result "1/2-1/2"]
[BlackTitle "IM"]
[WhiteElo "2221"]
[BlackElo "2377"]
[WhiteTeam "e2e4.org.uk"]
[BlackTeam "Blackthorne Russia"]
[WhiteFideId "416860"]
[BlackFideId "402141"]
[EventDate "2012.11.03"]

1. e4 e5 2. Nf3 Nc6 3. Bb5 a6 4. Ba4 d6 5. c3 Bd7 6. O-O g6 7. d4 Bg7 8. d5 Nb8
9. Bxd7+ Nxd7 10. c4 Ngf6 11. Nc3 O-O 12. Qc2 Qb8 13. a3 Rc8 14. Be3 c6 15. Qd3
cxd5 16. Nxd5 Nxd5 17. cxd5 Nc5 18. Bxc5 Rxc5 19. b4 Rc7 20. Qe3 Qf8 21. Qb6
Rac8 22. Nd2 Bh6 23. Nb3 f5 24. Na5 Qe7 25. exf5 gxf5 26. Rae1 Qd7 27. Kh1 Bd2
28. Rd1 Bg5 29. Rde1 Kh8 30. Rd1 Rg8 31. f3 Rg6 32. g3 Rh6 33. f4 Bd8 34. Qe3
Rc2 35. Rf2 Qa4 36. Re1 Rxf2 37. Qxf2 Bxa5 38. fxe5 Qb3 39. bxa5 Qxd5+ 40. Kg1
dxe5 41. Qxf5 Qc5+ 42. Kh1 Qd5+ 1/2-1/2

[Event "4NCL 2012-13"]
[Site "Hinckley ENG"]
[Date "2013.03.24"]
[Round "8.165"]
[White "Hunt, Harriet V"]
[Black "Bird, Andrew"]
[Result "0-1"]
[WhiteTitle "IM"]
[WhiteElo "2450"]
[BlackElo "2210"]
[WhiteTeam "Blackthorne Russia"]
[BlackTeam "e2e4.org.uk"]
[WhiteFideId "403512"]
[BlackFideId "3204502"]
[EventDate "2012.11.03"]

1. e4 e5 2. Nf3 Nc6 3. Bb5 Nf6 4. d3 Bc5 5. c3 O-O 6. O-O d6 7. Bg5 h6 8. Bh4
Bd7 9. a4 a6 10. Bxc6 Bxc6 11. d4 Ba7 12. d5 Bd7 13. Qd3 g5 14. Nxg5 hxg5 15.
Bxg5 Kg7 16. Qf3 Kg6 17. Bh4 Rg8 18. h3 Rh8 19. Qg3+ Kh7 20. Qf3 Kg7 21. Bg5 Kg6
22. h4 Bg4 23. Qd3 Qd7 24. Nd2 Nh5 25. g3 f6 26. Be3 Bxe3 27. Qxe3 Bh3 28. Rfe1
Kf7 29. Nf3 Rag8 30. Kh2 Bg4 31. Rh1 Bxf3 32. Qxf3 Qg4 33. Qxg4 Rxg4 34. Rae1
Rhg8 35. a5 f5 36. exf5 Kf6 37. Re3 Kxf5 38. Rhe1 Ra4 39. b4 Ra2 40. Rf3+ Kg6
41. Re4 Nf6 42. h5+ Kg5 43. Rc4 e4 0-1

[Event "4NCL 2012-13"]
[Site "Hinckley ENG"]
[Date "2013.03.24"]
[Round "8.166"]
[White "Barnes, Michael H"]
[Black "Ledger, Andrew J"]
[Result "0-1"]
[WhiteTitle "FM"]
[BlackTitle "IM"]
[WhiteElo "2195"]
[BlackElo "2402"]
[WhiteTeam "e2e4.org.uk"]
[BlackTeam "Blackthorne Russia"]
[WhiteFideId "404128"]
[BlackFideId "400610"]
[EventDate "2012.11.03"]

1. d4 Nf6 2. Nf3 d5 3. c4 e6 4. g3 dxc4 5. Bg2 c5 6. Qa4+ Bd7 7. Qxc4 Bc6 8.
dxc5 Nbd7 9. Nc3 Bxc5 10. b4 Bb6 11. O-O Rc8 12. Qd3 O-O 13. Bf4 e5 14. Nxe5
Bxg2 15. Kxg2 Nxe5 16. Bxe5 Qxd3 17. exd3 Ng4 18. Nd5 Nxe5 19. Ne7+ Kh8 20. Nxc8
Rxc8 21. Rac1 Rd8 22. a4 Nxd3 23. Rc4 a5 24. bxa5 Bxa5 25. Rb1 b6 26. Rd1 g6 27.
Kf1 Rd5 28. Ke2 Nb4 29. Rxd5 Nxd5 30. Kd3 Kg7 31. Kd4 Nb4 32. f3 Kf6 33. g4 Ke6
34. Rc8 Na6 35. Kc4 Nc5 36. Rh8 Nxa4 37. Rxh7 Nc5 38. Rh8 Nd7 39. f4 Ke7 40. h4
Nf6 41. h5 Nxg4 42. h6 Kf6 43. Kb5 Nxh6 44. Rxh6 Kf5 45. Rh7 f6 46. Rg7 Bd2 47.
Kxb6 Bxf4 48. Kc5 g5 49. Kd4 Kg4 50. Ke4 f5+ 51. Kd3 Bg3 52. Ke2 f4 53. Kf1 f3
54. Rf7 Be5 55. Re7 Kf4 56. Rf7+ Ke4 57. Rf8 g4 58. Rg8 Kf4 59. Kg1 g3 60. Kh1
Ke4 61. Re8 Kf5 0-1